| 000 | 00844nmm a2200301 a 4500 | ||
|---|---|---|---|
| 003 | AR-BaBNM | ||
| 005 | 20251128205029.0 | ||
| 008 | 116019s1994 ||||||||||||||000 | spa|| | ||
| 040 | _cAR-BaBNM | ||
| 100 | 1 | _aPetroni, María del Carmen | |
| 245 | 1 | 0 |
_aHola chicos _bpreescolar |
| 250 | _a1ª ed. | ||
| 260 |
_aBuenos Aires _bTalleres Gráficos Druck _c1994 |
||
| 300 | 0 |
_a62 p. _bil. |
|
| 500 | 0 | _aCon actividades de aplicación | |
| 521 | _aINICIAL | ||
| 650 | 4 | _aESTIMULOS VISUALES | |
| 650 | 4 | _aCOORDINACION SENSOMOTRIZ | |
| 650 | 4 | _aDESARROLLO DE DESTREZAS | |
| 650 | 4 | _aDESARROLLO INTELECTUAL | |
| 650 | 4 | _aACTIVIDADES DE APRENDIZAJE | |
| 653 | 0 | _aEDUCACION INICIAL | |
| 653 | 0 | _aAPRESTAMIENTO | |
| 700 | 1 | _aBarrera de Repetto, Patricia | |
| 700 | 1 |
_aGrosso, María Laura _eilustrador |
|
| 942 | _cBK | ||
| 998 | _cGrace | ||
| 999 |
_c9714 _d9714 |
||